书目信息 |
| 题名: |
中国人征服中国
|
|
| 作者: | 斯特朗 , Strong 著 ;刘维宁 译 | |
| 分册: | ||
| 出版信息: | 北京 北京出版社 1984 |
|
| 页数: | 264页 | |
| 开本: | 21cm | |
| 丛书名: | ||
| 单 册: | ||
| 中图分类: | K269.6 | |
| 科图分类: | ||
| 主题词: | 解放区--发展--中国--1945~1949 | |
| 电子资源: | ||
| ISBN: | ||
| 000 | 00858nam0 2200289 45 | |
| 001 | 0184012760 | |
| 005 | 20040615155909.6 | |
| 010 | @dCNY1.55 | |
| 091 | @a11071.214 | |
| 100 | @a19950612d1984 em y0chiy0121 ea | |
| 101 | 1 | @achi@ceng |
| 102 | @aCN@b110000 | |
| 105 | @af z 000zy | |
| 106 | @ar | |
| 200 | 10 | @a中国人征服中国@Azhong guo ren zheng fu zhong guo@f(美)斯特朗(A.L.Strong)著@g刘维宁译 |
| 210 | @a北京@c北京出版社@d1984 | |
| 215 | @a264页@c照片@d21cm | |
| 300 | @a书名原文:The Chinese Conquer China | |
| 510 | 1 | @aThe Chinese Conquer China@zeng |
| 606 | @a解放区@x发展@y中国@z1945~1949 | |
| 690 | @aK269.6@v3 | |
| 701 | 1 | @a斯特朗@Asi te lang@bA.L.@4著 |
| 701 | A1 | @aStrong@bA.L.@4著 |
| 702 | 0 | @a刘维宁@Aliu wei ning@4译 |
| 801 | 0 | @aCN@b上海图书馆@c20040518 |
| 801 | 2 | @aCN@bNLC@c20040518 |
| 905 | @dK269.6@e17@f1@b132494 | |
| 中国人征服中国/(美)斯特朗(A.L.Strong)著/刘维宁译.-北京:北京出版社,1984 |
| 264页:照片;21cm |
| 书名原文:The Chinese Conquer China |
| ISBN :CNY1.55 |
| ● |
| 相关链接 |
|
|
|
|
正题名:中国人征服中国
索取号:K269.6/17
 
预约/预借
| 序号 | 登录号 | 条形码 | 馆藏地/架位号 | 状态 | 备注 |
| 1 | 0132494 | 000354208 | 第二借阅区/ [索取号:K269.6/17] | 在馆 | |
| 2 | 0132495 | 000354137 | 第二借阅区/ [索取号:K269.6/17] | 在馆 | |
| 3 | 0132496 | 000354146 | 第二样本阅览室/ [索取号:K269.6/17] | 在馆 |